| 000 | 01207nam a2200277 a 4500 | ||
|---|---|---|---|
| 001 | 74269 | ||
| 003 | BD-RjUL | ||
| 005 | 20211209082528.0 | ||
| 008 | 180508b b|||| |b|| 00| 0 ben d | ||
| 020 |
_a9789849343844 _cTk.450.00 |
||
| 035 | _a(BD-RjUL)74487 | ||
| 040 |
_aBD-RjUL _beng _cBD-RjUL |
||
| 041 | _aben | ||
| 082 |
_223 _a362.87095492 _bAKR 2018 |
||
| 100 | 1 |
_aআখন্দ, মাহফুজুর রহমান _9221364 |
|
| 245 | 1 | 0 |
_aরোহিঙ্গা সমস্যা ও বাংলাদেশ / _c মাহফুজুর রহমান আখন্দ, |
| 300 |
_a৩১২ পৃ. : _bচি্ত্র ; _c২২ সেমি. |
||
| 504 | _aগ্রন্থপঞ্জি সংযোজিত | ||
| 650 |
_aরোহিঙ্গা (বার্মিজ লোকজন ) _zবাংলাদেশ _9221365 |
||
| 650 |
_a Rohingya (Burmese people) _zBangladesh. _9221366 |
||
| 650 |
_a রোহিঙ্গা (বার্মিজ লোকজন ) _9221367 |
||
| 650 |
_aRohingya (Burmese people) _9221368 |
||
| 650 |
_aশরণার্থী _z বাংলাদেশ _9119983 |
||
| 650 |
_aRefugees _zBangladesh. _9221371 |
||
| 942 |
_2ddc _cBK |
||
| 999 |
_c74269 _d74269 |
||